00774 2200241 4500001002100000005001700021008004100038020002200079035002400101040001200125082001500137084002100152090002100173100002200194245015100216250001100367260004400378300002700422504003100449650001800480850001200498990002200510INLIS00000000002466520170116153037.0  a978-602-1219-03-4 0010-011700000000165 aYOPDYOG 223a791.01 aDEP 791.01 Sit I aDEP 791.01 Sit I aSITI MURTININGSIH aIdeologi film kartun animasi anakb: refleksi filosofis atas pedagogi tersembunyi dalam dunia disneyc/Siti Murtiningsih ; editor, Taufik Aminudin aCet. 1 aYogyakartabFakultas Filsafat UGMc2013 avi, 300 hlm.c; 23 cm. aBibliografi : hlm. 129-130 aIdeologi Film aYOPDYOG aCB-D.11/2013-2416